| 000 | 00423nam a22001577a 4500 | ||
|---|---|---|---|
| 020 | _a582 42525 5 | ||
| 082 |
_a526.9 _bHIG _cL-30:P-69 |
||
| 100 |
_aLovat, Higgins _939662 |
||
| 245 |
_aElementary Surveying _cHiggins, Lovat |
||
| 250 | _a3rd | ||
| 260 |
_aLondon _bLongman Group Ltd _c1970 |
||
| 300 |
_ap197. : _bill. ; _c10 cm. |
||
| 526 |
_a0 _b0 _c0 _d526_900000000000000_HIG |
||
| 650 |
_aMCE _9379 |
||
| 942 |
_2ddc _cBK |
||
| 999 |
_c544113 _d544113 |
||